Structural Analysis (Record no. 533314)
[ view plain ]
| 000 -LEADER | |
|---|---|
| fixed length control field | 00234nam a22001097a 4500 |
| 020 ## - INTERNATIONAL STANDARD BOOK NUMBER | |
| International Standard Book Number | 978-1842653371 |
| 040 ## - CATALOGING SOURCE | |
| Transcribing agency | DLC |
| 082 ## - DEWEY DECIMAL CLASSIFICATION NUMBER | |
| Classification number | 624.171 |
| Author Mark | MEN |
| 100 ## - MAIN ENTRY--PERSONAL NAME | |
| Personal name | Menon, Devdas |
| 9 (RLIN) | 27158 |
| 245 ## - TITLE STATEMENT | |
| Title | Structural Analysis |
| 942 ## - ADDED ENTRY ELEMENTS (KOHA) | |
| Source of classification or shelving scheme | |
| Koha item type | Book |
| Withdrawn status | Lost status | Source of classification or shelving scheme | Damaged status | Not for loan | Permanent Location | Current Location | Date acquired | Total Checkouts | Total Renewals | Full call number | Barcode | Date last seen | Date last checked out | Price effective from | Koha item type |
|---|---|---|---|---|---|---|---|---|---|---|---|---|---|---|---|
| School of Civil and Environmental Engineering (SCEE) | School of Civil and Environmental Engineering (SCEE) | 12/23/2019 | 4 | 2 | 624.171 MEN | NIT-5093 | 02/11/2025 | 03/12/2024 | 12/23/2019 | Book |
